एक कौड़ी दिल से (Record no. 1228619)

MARC details
000 -LEADER
fixed length control field 00773nam a2200217Ia 4500
005 - DATE AND TIME OF LATEST TRANSACTION
control field 20241129111029.0
008 - FIXED-LENGTH DATA ELEMENTS--GENERAL INFORMATION
fixed length control field 241129s9999||||xx |||||||||||||| ||und||
020 ## - INTERNATIONAL STANDARD BOOK NUMBER
International Standard Book Number 9788194131823
037 ## - SOURCE OF ACQUISITION
Stock number TB
040 ## - CATALOGING SOURCE
Original cataloging agency CRL
Language of cataloging hin
Transcribing agency CRL
041 ## - LANGUAGE CODE
Language code of text/sound track or separate title hin
Source of code hin
084 ## - COLON CLASSIFICATION NUMBER
Classification number O152,3N47x R0
Assigning agency CRL
100 ## - MAIN ENTRY--PERSONAL NAME
Personal name स्वयं प्रकाशए लेण्
245 #0 - TITLE STATEMENT
Title एक कौड़ी दिल से
Statement of responsibility, etc. स्वयं प्रकाशए लेण्
260 ## - PUBLICATION, DISTRIBUTION, ETC.
Place of publication, distribution, etc. , भारत
Name of publisher, distributor, etc. दिल्लीए सस्ता साहित्य मण्डल प्रकाशनए
Date of publication, distribution, etc. 2020
300 ## - PHYSICAL DESCRIPTION
Extent 157पृ0
365 ## - TRADE PRICE
Price type code INR
Price amount 350
650 ## - SUBJECT ADDED ENTRY--TOPICAL TERM
Topical term or geographic name entry element Hindi LiteratureFiction
9 (RLIN) 726203
942 ## - ADDED ENTRY ELEMENTS (KOHA)
Koha item type Textbook
Classification part O152,3N47x R0
Holdings
Withdrawn status Lost status Damaged status Not for loan Home library Current library Date acquired Source of acquisition Cost, normal purchase price Inventory number Total Checkouts Full call number Barcode Date last seen Date last checked out Price effective from Koha item type
        Central Library Central Library 2024-11-29 Kitab Ghar Prakashan 350.00 164 & 11/02/2023 1 O152,3N47x R0 CL1679417 2025-01-29 2024-12-10 2024-11-29 Textbook
Copyright @ Delhi University Library System